Star Wars: The Phantom Menace: Characters - Statistics

General Stats
  • This quiz has been taken 26 times
  • The average score is 21 of 43
Answer Stats
Hint Answer % Correct
Qui gon's padawan obi wan kenobi
96%
Wise human Jedi master qui gon jinn
96%
Protocol droid built by the chosen one c3po
91%
Clumsy and friendly gungan jar jar binks
91%
green jedi grandmaster yoda
91%
The queen of Naboo padme amidala
87%
Smart and friendly astromech droid r2d2
87%
The Chosen one himself anakin skywalker
83%
Human jedi master with a purple saber mace windu
83%
Zabrak sith apprentice darth maul
78%
trade federation viceroy nute gunray
78%
The new republic chancellor palpatine
78%
Hutt crimelord jabba
70%
Slave owner on Tatooine watto
70%
Big boss of the gungans boss nass
65%
Jedi master with a high forehead ki adi mundi
65%
Evil dug podracer sebulba
65%
Mother of the chosen one shmi skywalker
61%
friendly silver protocol droid tc14
57%
Royal guard of the queen captain panaka
52%
native species of naboo gungan
52%
skilled jedi pilot and master plo koon
52%
the outvoted chancellor valorum
52%
same species as Yoda, but female yaddle
48%
Native Tatooine Raiders tusken raiders
35%
Trade federation troop battle droid
30%
Captain of the gungan army captain tarpals
30%
Zabrak jedi council member eeth koth
26%
skilled naboo pilot ric ollie
26%
tholothian jedi master adi gallia
22%
snake like jedi master oppo rancisis
22%
Pod repair robots pit droid
22%
long necked jedi master yarael poof
22%
Blue senate chairman mas amedda
17%
female human jedi master depa billaba
13%
small Lannik jedi master even piell
13%
Xexto podracer gasgano
13%
Glymphid podracer aldar beedo
9%
Toong podracer ben quadrinaros
9%
Bounty hunter spotted during the podrace aurra singg
4%
High rank trade federation troop commander battle droid
4%
Gran podracer mawhonic
4%
Security trade federation troop security battle droid
4%
No matching quizzes found
Score Distribution
Percent of People with Each Score
Percentile by Number Answered
Your Score History
You have not taken this quiz